000 00433nam a2200133Ia 4500
008 151001s9999||||xx |||||||||||||| ||und||
100 _aअनेक लेखक
245 _aआचार्य अत्रे प्रतिभा आणि प्रतिमा
250 _a1
260 _bप्रेस्टीज पब्लिकेशन पुणे
260 _c1997
300 _a702
365 _b25
999 _c973366
_d973363